Public finance : (Record no. 345881)

000 -LEADER
fixed length control field 01014 a2200229 4500
020 ## - INTERNATIONAL STANDARD BOOK NUMBER
International Standard Book Number 0030748135
020 ## - INTERNATIONAL STANDARD BOOK NUMBER
International Standard Book Number 9780030748134
082 04 - DEWEY DECIMAL CLASSIFICATION NUMBER
Classification number 336
090 ## - LOCALLY ASSIGNED LC-TYPE CALL NUMBER (OCLC); LOCAL CALL NUMBER (RLIN)
-- 3401
-- 3401
100 1# - MAIN ENTRY--PERSONAL NAME
Personal name Hyman, David N.
245 10 - TITLE STATEMENT
Title Public finance :
Remainder of title a contemporary application of theory to policy /
Statement of responsibility, etc. David N. Hyman.
250 ## - EDITION STATEMENT
Edition statement 4 Sub ed.
260 ## - PUBLICATION, DISTRIBUTION, ETC.
Place of publication, distribution, etc. [S.l.] :
Name of publisher, distributor, etc. Dryden Pr,
Date of publication, distribution, etc. 1992.
300 ## - PHYSICAL DESCRIPTION
Extent 650 p. ;
Dimensions 25 cm.
490 1# - SERIES STATEMENT
Series statement The dryden press series in economics.
500 ## - GENERAL NOTE
General note Hardcover.
520 ## - SUMMARY, ETC.
Summary, etc. This work provides an overview of public finance with a discussion of externalities, public goods, public choice, government expenditures, social insurance, aid to the poor, budget deficits, taxation, and state and local government finance.
830 #4 - SERIES ADDED ENTRY--UNIFORM TITLE
Uniform title The dryden press series in economics.
856 40 - ELECTRONIC LOCATION AND ACCESS
Materials specified Amazon.com
Uniform Resource Identifier <a href="http://www.amazon.com/exec/obidos/ASIN/0030748135/chopaconline-20">http://www.amazon.com/exec/obidos/ASIN/0030748135/chopaconline-20</a>
856 40 - ELECTRONIC LOCATION AND ACCESS
Materials specified Amazon customer reviews
Uniform Resource Identifier <a href="http://www.chopac.org/cgi-bin/tools/azrev.pl?q=0030748135">http://www.chopac.org/cgi-bin/tools/azrev.pl?q=0030748135</a>
942 ## - ADDED ENTRY ELEMENTS (KOHA)
Institution code [OBSOLETE] NBS
Koha item type Book
Call number prefix 336 HYM
Holdings
Withdrawn status Lost status Damaged status Not for loan Permanent Location Current Location Date acquired Total Checkouts Full call number Barcode Date last seen Date last checked out Price effective from Koha item type
        Central Library (CL) Central Library (CL) 08/28/2013 2 336 HYM NBS2785 02/10/2023 12/17/2022 08/28/2013 Book
© 2023 Central Library, National University of Sciences and Technology. All Rights Reserved.